Estudio de la distribución espacial de los pigmentos fotosintéticos de las aguas en la zona Norte de Chile
Збережено в:
| Автори: | , , |
|---|---|
| Інші автори: | |
| Формат: | Книга |
| Мова: | Іспанська |
| Опубліковано: |
Valparaíso
Universidad Católica de Valparaíso
1986
|
| Серія: | Estudios y Documentos, 5
|
| Предмети: | |
| Теги: |
Додати тег
Немає тегів, Будьте першим, хто поставить тег для цього запису!
|
MARC
| LEADER | 00000nam a2200000 a 4500 | ||
|---|---|---|---|
| 001 | UCT1621 | ||
| 003 | CL-VaPUC | ||
| 008 | 960927e19860000CL |||||||||||||||||spa|d | ||
| 082 | 0 | 4 | |a 551.460 |b DAN |2 21 |
| 100 | 0 | |a Daneri, Giovanni |e author |9 370579 | |
| 700 | 0 | |a Olguín, Héctor |e author |9 370580 | |
| 700 | 0 | |a Pineda, José |e author |9 370581 | |
| 700 | |a Ramírez Reyes, Boris Alberto |e autor |9 746799 | ||
| 245 | 1 | 0 | |a Estudio de la distribución espacial de los pigmentos fotosintéticos de las aguas en la zona Norte de Chile |
| 300 | |a 49 p | ||
| 942 | |c BK | ||
| 945 | |d 19960927 00:00:00 |a paguirre | ||
| 260 | |a Valparaíso |b Universidad Católica de Valparaíso |c 1986 | ||
| 650 | 0 | |a Océanos |9 344473 | |
| 650 | 0 | |a Océano pacífico |9 259948 | |
| 650 | 0 | |a Recursos marinos |9 261196 | |
| 650 | 7 | |a PIGMENTOS |2 CL-VaPUC |9 370583 | |
| 650 | 0 | |a Algas (algae) |9 261246 | |
| 583 | |a last modification |c 19960927 00:00:00 |k Rodrigo Vera | ||
| 490 | 0 | |a Estudios y Documentos, 5 | |
| 999 | |c 252093 |d 252091 | ||